| 000 | 00397 a2200169 4500 | ||
|---|---|---|---|
| 001 | 74295 | ||
| 020 | _a | ||
| 040 | _cAnchieta - Colégio São Paulo | ||
| 100 | _aSeverino, Antônio Joaquim | ||
| 240 | 1 | 0 |
_aMétodos de estudo para o 2º grau _lpor |
| 245 | 1 | 0 | _aMétodos de estudo para o 2º grau |
| 300 | _a72 | ||
| 362 | 0 | _a1988 | |
| 440 | 1 | _aCortez | |
| 650 | 4 | _aEducação | |
| 942 | _cBK | ||
| 999 |
_c74295 _d74295 |
||